书目信息 |
| 题名: |
古小说简目
|
|
| 作者: | 程毅中 著 | |
| 分册: | ||
| 出版信息: | 北京 中华书局 1981 |
|
| 页数: | 173页 | |
| 开本: | 21cm | |
| 丛书名: | ||
| 单 册: | ||
| 中图分类: | Z88:I242 , Z88 | |
| 科图分类: | ||
| 主题词: | 古典小说--中国--书名目录 , 古典小说 , 书名目录 | |
| 电子资源: | ||
| ISBN: | ||
| 000 | 00634nam0 2200253 450 | |
| 001 | 1561296450 | |
| 005 | 20150129170214.73 | |
| 010 | @dCNY0.70 | |
| 091 | @a10018.470 | |
| 100 | @a19950530d1981 em y0chiy0110 ea | |
| 101 | 0 | @achi |
| 102 | @aCN@b110000 | |
| 105 | @ay b 000yy | |
| 200 | 1 | @a古小说简目@9gu xiao shuo jian mu@f程毅中著 |
| 210 | @a北京@c中华书局@d1981 | |
| 215 | @a173页@d21cm | |
| 606 | 0 | @a古典小说@x中国@x书名目录 |
| 606 | 0 | @a古典小说 |
| 606 | 0 | @a书名目录 |
| 690 | @aZ88:I242@v5 | |
| 690 | @aZ88@v4 | |
| 701 | 0 | @a程毅中@9cheng yi zhong@4著 |
| 801 | 0 | @aCN@bTSSF@c20150129 |
| 905 | @aZUCC@dZ88@eJY7 | |
| 古小说简目/程毅中著.-北京:中华书局,1981 |
| 173页;21cm |
| ISBN :CNY0.70 |
| ● |
| 相关链接 |
|
|
|
|
正题名:古小说简目
索取号:Z88/JY7
 
预约/预借
| 序号 | 登录号 | 条形码 | 馆藏地/架位号 | 状态 | 备注 |
| 1 | 7863915 | 278639154 | 学院路分馆/ [索取号:Z88/JY7] | 在馆 | |
| 2 | 7863916 | 278639163 | 学院路分馆/ [索取号:Z88/JY7] | 在馆 |